| 000 | 00573nam a2200181Ia 4500 | ||
|---|---|---|---|
| 008 | 090123s9999 xx 000 0 und d | ||
| 082 |
_b5008 _a891.463/बोरक |
||
| 100 | _aबोरकर लक्ष्मीदास | ||
| 245 | _aभावधारा | ||
| 250 | _a3 | ||
| 260 |
_bरंजना प्रकाशन _c1978 |
||
| 300 | _a212 | ||
| 600 | _aबोरकर लक्ष्मीदास | ||
| 630 | _aभावधारा | ||
| 700 | _aबोरकर लक्ष्मीदास | ||
| 730 | _aभावधारा | ||
| 942 | _cBOOK | ||
| 999 |
_c43083 _d43083 |
||